000 00881nam a22002897a 4500
001 7410
003 FISKH
005 20250714101232.0
008 250714b cb ||||| |||| 00| 0 eng d
020 _a070918089022
040 _aFISKH
_beng
_cFISKH
_dFISKH
050 _aPZ7.D644
082 _a813.6
100 _aDixon, Franklin W.
245 _aThe house on the cliff /
_cBy Franklin W. Dixon
260 _aNew York :
_bGrosset & Dunlap ,
_c1987.
300 _a180 pages :
_billustrations ;
_c20 cm .
490 _aThe Hardy Boys
_v2
505 _aR
520 _aTeenage detectives Frank and Joe Hardy investigate a supposedly haunted house reported to be the hangout of criminals.
521 8 _a740
_bLexile
521 8 _aR
_bRaz-Plus
650 _aYoung adult
_vFiction
650 _aDetective
_vFicition
942 _2ddc
_cBK
_n0
999 _c7410
_d7410